वस्तुनिष्ठ सामान्य ज्ञान अघ्यायवार 2750+ प्रश्नों का संकलन (Record no. 66943)
[ view plain ]
| 000 -LEADER | |
|---|---|
| fixed length control field | 00505nam a22001337a 4500 |
| 003 - CONTROL NUMBER IDENTIFIER | |
| control field | macl |
| 005 - DATE AND TIME OF LATEST TRANSACTION | |
| control field | 20240702151504.0 |
| 008 - FIXED-LENGTH DATA ELEMENTS--GENERAL INFORMATION | |
| fixed length control field | 240702b |||||||| |||| 00| 0 eng d |
| 040 ## - CATALOGING SOURCE | |
| Transcribing agency | macl |
| 100 ## - MAIN ENTRY--PERSONAL NAME | |
| Personal name | पाण्डे,मानोहर |
| 9 (RLIN) | 82447 |
| 245 ## - TITLE STATEMENT | |
| Title | वस्तुनिष्ठ सामान्य ज्ञान अघ्यायवार 2750+ प्रश्नों का संकलन |
| 650 ## - SUBJECT ADDED ENTRY--TOPICAL TERM | |
| Topical term or geographic name as entry element | सामान्य ज्ञान |
| 9 (RLIN) | 328 |
| 942 ## - ADDED ENTRY ELEMENTS (KOHA) | |
| Source of classification or shelving scheme | |
| Koha item type | Hindi Books |
| Withdrawn status | Lost status | Source of classification or shelving scheme | Damaged status | Not for loan | Home library | Current library | Date acquired | Cost, normal purchase price | Total Checkouts | Full call number | Barcode | Date last seen | Date last checked out | Price effective from | Koha item type |
|---|---|---|---|---|---|---|---|---|---|---|---|---|---|---|---|
| MACL | MACL | 02/07/2024 | 160.00 | 1 | 001 | GCLC00128 | 20/10/2024 | 28/09/2024 | 02/07/2024 | Hindi Books |









